Cover this song (A little bit mine) - WWATTW Lyric quiz - Statistics

General Stats
  • This quiz has been taken 7 times
  • The average score is 227 of 344
Answer Stats
Answer % Correct
a
100%
about
75%
again
75%
an
75%
and
75%
arms
75%
bac
75%
back
75%
be
75%
bit
75%
come
75%
do
75%
fixed
75%
harm
75%
i
75%
I
75%
im
75%
in
75%
insane
75%
into
75%
it
75%
just
75%
little
75%
mind
75%
mine
75%
my
75%
no
75%
now
75%
of
75%
out
75%
please
75%
slip
75%
that
75%
who
75%
whoa
75%
wont
75%
works
75%
you
75%
agree
50%
blacked
50%
broke
50%
but
50%
can
50%
cares
50%
convince
50%
could
50%
crazy
50%
did
50%
does
50%
dont
50%
end
50%
enough
50%
forgot
50%
god
50%
havent
50%
heart
50%
her
50%
here
50%
hung
50%
hungover
50%
hurt
50%
if
50%
ill
50%
is
50%
isnt
50%
kill
50%
knowing
50%
knows
50%
let
50%
lies
50%
love
50%
make
50%
me?
50%
me
50%
never
50%
not
50%
oh
50%
only
50%
or
50%
remember
50%
rhythm
50%
say
50%
see
50%
someone
50%
sorry
50%
starting
50%
still
50%
suffer
50%
tell
50%
the
50%
thought
50%
til
50%
time
50%
to
50%
truth
50%
try
50%
turn
50%
turned
50%
were
50%
what
50%
whats
50%
whether
50%
while
50%
with
50%
without
50%
woman
50%
words
50%
wouldve
50%
cause
25%
dry
25%
friend
25%
giving
25%
heartbeats
25%
might
25%
needyou
25%
our
25%
singing
25%
use
25%
wanna
25%
why
25%
youd
25%
youre
25%
yeah
0%
No matching quizzes found
Score Distribution
Percent of People with Each Score
Percentile by Number Answered
Your Score History
You have not taken this quiz